<?xml version="1.0" encoding="UTF-8"?>
<record
    xmlns:xsi="http://www.w3.org/2001/XMLSchema-instance"
    xsi:schemaLocation="http://www.loc.gov/MARC21/slim http://www.loc.gov/standards/marcxml/schema/MARC21slim.xsd"
    xmlns="http://www.loc.gov/MARC21/slim">

  <leader>01129nam a2200289 a 4500</leader>
  <controlfield tag="001">BRCA_8356</controlfield>
  <controlfield tag="005">20190320210239.0</controlfield>
  <controlfield tag="008">180714s1914----fr-a###f##---#001-0#fre-#</controlfield>
  <datafield tag="041" ind1=" " ind2=" ">
    <subfield code="a">fre</subfield>
  </datafield>
  <datafield tag="044" ind1=" " ind2=" ">
    <subfield code="a">fr</subfield>
  </datafield>
  <datafield tag="050" ind1=" " ind2="4">
    <subfield code="a">ND641</subfield>
    <subfield code="b">.H66 1919</subfield>
  </datafield>
  <datafield tag="245" ind1="1" ind2="0">
    <subfield code="a">Le Mus&#xE9;e du Louvre</subfield>
    <subfield code="b">depuis 1914, dons. legs et acquisitions</subfield>
    <subfield code="c">publi&#xE9; par le soins de Henri Rivi&#xE9;re ; preface de Louis Barthou.</subfield>
  </datafield>
  <datafield tag="260" ind1=" " ind2=" ">
    <subfield code="a">Paris</subfield>
    <subfield code="b">Demotte</subfield>
    <subfield code="c">1919-1921</subfield>
  </datafield>
  <datafield tag="300" ind1=" " ind2=" ">
    <subfield code="a">3 v.</subfield>
    <subfield code="b">il., l&#xE1;minas</subfield>
    <subfield code="c">44 cm.</subfield>
  </datafield>
  <datafield tag="440" ind1=" " ind2="0">
    <subfield code="a">Les accroissements des Mus&#xE9;es Nationaux Francaise : recueil annuel</subfield>
    <subfield code="9">20919</subfield>
  </datafield>
  <datafield tag="500" ind1=" " ind2=" ">
    <subfield code="a">Incluye tabla alfab&#xE9;tica de adquisiciones</subfield>
  </datafield>
  <datafield tag="500" ind1=" " ind2=" ">
    <subfield code="a">R94</subfield>
  </datafield>
  <datafield tag="505" ind1="0" ind2=" ">
    <subfield code="a">v.1 Sculptures. Peintures (1919).-- v.2 Dessins. Miniatures. Des Ouvres D&#xB4;art (1920).-- v.3 Sculptures. Peintures. Des Ouvres D&#xB4;art (1921)</subfield>
  </datafield>
  <datafield tag="610" ind1="2" ind2="4">
    <subfield code="a">Mus&#xE9;e du Louvre, Paris</subfield>
    <subfield code="v">Anuario</subfield>
    <subfield code="9">20920</subfield>
  </datafield>
  <datafield tag="650" ind1="1" ind2="4">
    <subfield code="a">Objetos de arte</subfield>
    <subfield code="v">Adquisiciones</subfield>
    <subfield code="9">20921</subfield>
  </datafield>
  <datafield tag="650" ind1="1" ind2="4">
    <subfield code="a">Objetos de arte</subfield>
    <subfield code="v">Legado</subfield>
    <subfield code="9">20922</subfield>
  </datafield>
  <datafield tag="650" ind1="1" ind2="4">
    <subfield code="a">Objetos de arte</subfield>
    <subfield code="v">Donaciones</subfield>
    <subfield code="9">20923</subfield>
  </datafield>
  <datafield tag="700" ind1="1" ind2=" ">
    <subfield code="a">Rivi&#xE9;re, Henri</subfield>
    <subfield code="e">publ.</subfield>
    <subfield code="9">20924</subfield>
  </datafield>
  <datafield tag="700" ind1="1" ind2=" ">
    <subfield code="a">Barthou, Louis</subfield>
    <subfield code="e">Pref.</subfield>
    <subfield code="9">20925</subfield>
  </datafield>
  <datafield tag="902" ind1=" " ind2=" ">
    <subfield code="a">GFM</subfield>
  </datafield>
  <datafield tag="942" ind1=" " ind2=" ">
    <subfield code="2">lcc</subfield>
    <subfield code="c">B</subfield>
  </datafield>
  <datafield tag="999" ind1=" " ind2=" ">
    <subfield code="c">8024</subfield>
    <subfield code="d">8024</subfield>
  </datafield>
  <datafield tag="952" ind1=" " ind2=" ">
    <subfield code="0">0</subfield>
    <subfield code="1">0</subfield>
    <subfield code="4">0</subfield>
    <subfield code="7">0</subfield>
    <subfield code="a">BRCA</subfield>
    <subfield code="b">BRCA</subfield>
    <subfield code="d">2014-07-18</subfield>
    <subfield code="i">R94</subfield>
    <subfield code="l">0</subfield>
    <subfield code="o">ND641 .H66 1919 (R94)</subfield>
    <subfield code="p">8980</subfield>
    <subfield code="r">2019-03-22 00:00:00</subfield>
    <subfield code="w">2019-03-22</subfield>
    <subfield code="y">B</subfield>
  </datafield>
</record>
